[Event "BEL-chT 1617"]
[Site "Belgium"]
[Date "2017.01.29"]
[Round "6.4"]
[White "Hautot, Stephane"]
[Black "Kabos, Tobias"]
[Result "1/2-1/2"]
[WhiteElo "2401"]
[BlackElo "2273"]
[PlyCount "72"]
[EventDate "2016.10.02"]
[EventType "team-tourn"]
[EventRounds "11"]
[EventCountry "BEL"]
[SourceTitle "EXT 2018"]
[Source "ChessBase"]
[SourceDate "2017.10.13"]
[SourceVersion "1"]
[SourceVersionDate "2017.10.13"]
[SourceQuality "1"]
[WhiteTeam "Wirtzfeld"]
[BlackTeam "Liege Crelel"]
[WhiteTeamCountry "BEL"]
[BlackTeamCountry "BEL"]

1. e4 d6 2. d4 Nf6 3. Nc3 e5 4. Nf3 Nbd7 5. Bc4 Be7 6. 0-0 0-0 7. Re1 c6 8. a4 h6 9. a5 Re8 10. h3 Qc7 11. dxe5 dxe5 12. Nh4 Nf8 13. Qf3 Be6 14. Bxe6 fxe6 15. g3 N6h7 16. Ng2 Bb4 17. a6 b6 18. h4 Rad8 19. Rf1 Nd7 20. Nd1 Ndf6 21. c3 Bc5 22. b4 Bf8 23. Nb2 b5 24. Nd3 c5 25. bxc5 Bxc5 26. Nxc5 Qxc5 27. Re1 Qc4 28. Qe3 Rd7 29. Ba3 Red8 30. Qc5 Qxc5 31. Bxc5 Rc8 32. Bb4 Rc6 33. Ra5 Rb6 34. Bc5 Rc6 35. Bb4 Rb6 36. Bc5 Rc6 1/2-1/2

[Event "BEL-chT 1617"]
[Site "Belgium"]
[Date "2016.10.16"]
[Round "2.4"]
[White "Kabos, Tobias"]
[Black "Decoster, Frederic"]
[Result "1/2-1/2"]
[WhiteElo "2273"]
[BlackElo "2266"]
[PlyCount "58"]
[EventDate "2016.10.02"]
[EventType "team-tourn"]
[EventRounds "11"]
[EventCountry "BEL"]
[SourceTitle "EXT 2017"]
[Source "ChessBase"]
[SourceDate "2016.10.25"]
[SourceVersion "1"]
[SourceVersionDate "2016.10.25"]
[SourceQuality "1"]
[WhiteTeam "Liege Crelel"]
[BlackTeam "KBSK Brugge"]
[WhiteTeamCountry "BEL"]
[BlackTeamCountry "BEL"]

1. e4 c5 2. c3 d5 3. exd5 Qxd5 4. Nf3 Nc6 5. d4 Bg4 6. Be2 cxd4 7. cxd4 e6 8. 0-0 Nf6 9. h3 Bh5 10. Be3 Bd6 11. Nc3 Qa5 12. a3 0-0 13. b4 Qd8 14. Qb3 Ne7 15. Bg5 Nfd5 16. Nxd5 exd5 17. Rfe1 f6 18. Bd2 Rc8 19. Rac1 Rxc1 20. Bxc1 Qc7 21. Bf1 Rc8 22. Bd2 Qc2 23. Qe3 Nf5 24. Qe6+ Bf7 25. Qd7 Rf8 26. Rc1 Qe4 27. Re1 Qc2 28. Rc1 Qe4 29. Re1 Qc2 1/2-1/2

[Event "Vlissingen HZ op 20th"]
[Site "Vlissingen"]
[Date "2016.08.11"]
[Round "7"]
[White "Kabos, Tobias"]
[Black "Admiraal, Miguoel"]
[Result "1/2-1/2"]
[WhiteElo "2273"]
[BlackElo "2458"]
[PlyCount "110"]
[EventDate "2016.08.06"]
[EventType "swiss"]
[EventRounds "9"]
[EventCountry "NED"]
[SourceTitle "CBM 173 Extra"]
[Source "ChessBase"]
[SourceDate "2016.08.29"]
[SourceVersion "1"]
[SourceVersionDate "2016.08.29"]
[SourceQuality "1"]

1. e4 Nf6 2. e5 Ng8 3. d4 d6 4. Nf3 dxe5 5. Nxe5 Nd7 6. Nxd7 Bxd7 7. Be2 Bc6 8. Bf3 Bxf3 9. Qxf3 c6 10. 0-0 Nf6 11. c3 e6 12. Re1 Qd5 13. Nd2 Bd6 14. Ne4 Nxe4 15. Qxe4 Qxe4 16. Rxe4 0-0-0 17. Re1 Rhe8 18. Be3 f5 19. Rad1 h6 20. g3 g5 21. Kg2 Rg8 22. Bc1 Kd7 23. Rh1 Be7 24. h3 Bf6 25. Rde1 Ke7 26. Re2 Kf7 27. Rhe1 Rge8 28. Kf3 b5 29. a3 a5 30. h4 b4 31. axb4 axb4 32. Be3 b3 33. Ra1 Ra8 34. Ree1 Kg6 35. hxg5 hxg5 36. Ke2 e5 37. dxe5 Bxe5 38. Kd3 Ra2 39. Rxa2 bxa2 40. Ra1 Ra8 41. Kc4 Kh5 42. Kb3 f4 43. gxf4 gxf4 44. Bc5 Ra5 45. Bb4 Rd5 46. Rxa2 Kg4 47. Kc4 Rd2 48. Bc5 Kf3 49. Ra6 Rxb2 50. Rxc6 Rc2 51. Kd5 Bxc3 52. Bd4 Bxd4 53. Rxc2 Bxf2 54. Rc4 Be3 55. Rxf4+ Kxf4 1/2-1/2

[Event "Vlissingen HZ op 20th"]
[Site "Vlissingen"]
[Date "2016.08.10"]
[Round "6"]
[White "Kabos, Tobias"]
[Black "Liu, Manli"]
[Result "1/2-1/2"]
[WhiteElo "2273"]
[BlackElo "2062"]
[PlyCount "82"]
[EventDate "2016.08.06"]
[EventType "swiss"]
[EventRounds "9"]
[EventCountry "NED"]
[SourceTitle "CBM 173 Extra"]
[Source "ChessBase"]
[SourceDate "2016.08.29"]
[SourceVersion "1"]
[SourceVersionDate "2016.08.29"]
[SourceQuality "1"]

1. e4 c5 2. c3 d5 3. exd5 Qxd5 4. Nf3 Nf6 5. d4 Bg4 6. Be2 e6 7. h3 Bh5 8. 0-0 Nc6 9. Be3 cxd4 10. cxd4 Be7 11. Nc3 Qd6 12. a3 0-0 13. Qb3 Rac8 14. Rfd1 Rfd8 15. Rac1 Qb8 16. d5 exd5 17. Nxd5 Nxd5 18. Rxd5 Rxd5 19. Qxd5 Bg6 20. b4 Rd8 21. Qb3 h6 22. Qc4 Bd6 23. Rd1 a6 24. Nd4 Nxd4 25. Rxd4 Be5 26. Rd5 Bf5 27. g4 Be6 28. Rxd8+ Qxd8 29. Qe4 Qc7 30. Bd3 Kf8 31. Bc5+ Bd6 32. Qd4 Bxc5 33. bxc5 Qd7 34. Qe3 h5 35. f3 hxg4 36. hxg4 Qc7 37. Kg2 Qc6 38. Kg3 Qc7+ 39. Kg2 Qc6 40. Kg3 Qc7+ 41. Kg2 Qc6 1/2-1/2

[Event "Amsterdam Science Park op-A"]
[Site "Amsterdam"]
[Date "2016.07.16"]
[Round "8"]
[White "Heemskerk, Wim"]
[Black "Kabos, Tobias"]
[Result "1/2-1/2"]
[WhiteElo "2201"]
[BlackElo "2276"]
[PlyCount "59"]
[EventDate "2016.07.09"]
[EventType "swiss"]
[EventRounds "9"]
[EventCountry "NED"]
[SourceTitle "CBM 173 Extra"]
[Source "ChessBase"]
[SourceDate "2016.08.29"]
[SourceVersion "1"]
[SourceVersionDate "2016.08.29"]
[SourceQuality "1"]

1. Nf3 d6 2. d4 g6 3. g3 Bg7 4. c4 Nf6 5. Bg2 0-0 6. 0-0 Nbd7 7. Nc3 e5 8. h3 exd4 9. Nxd4 Re8 10. e4 Nc5 11. Re1 a5 12. Ndb5 Bd7 13. Bf4 Bxb5 14. cxb5 Nfd7 15. Qc2 Nb6 16. Rad1 Qe7 17. e5 dxe5 18. Nd5 Nxd5 19. Rxd5 b6 20. Rdxe5 Bxe5 21. Rxe5 Ne6 22. Bxa8 Rxa8 23. Be3 Rd8 24. Qe4 Rd1+ 25. Kg2 Qd7 26. g4 Qd3 27. Qxd3 Rxd3 28. Kf3 Rd6 29. Ke4 f6 30. Rd5 1/2-1/2